[Event "It (open)"]
[Site "masterchessopen.com Pardubice (Czech Republic)"]
[Date "2012.07.25"]
[Round "6"]
[White "Bryzgalin Kirill (RUS)"]
[Black "Steinberg Nitzan (ISR)"]
[Result "0-1"]
[WhiteElo "2490"]
[BlackElo "2326"]

1.e4 c5 2.Nf3 d6 3.d4 cxd4 4.Nxd4 Nf6 5.f3 e5 6.Bb5+ Bd7 7.Bxd7+ Nbxd7 8.Nf5
Qc7 9.Nc3 h6 10.O-O g6 11.Ne3 Nb6 12.a4 a5 13.Qd3 Be7 14.Nb5 Qc6 15.c4 Nfd7
16.b3 Nc5 17.Qc3 O-O 18.Ba3 f5 19.exf5 gxf5 20.Rad1 Rad8 21.Nd5 Nxd5 22.cxd5
Qa6 23.Bxc5 Rc8 24.Qd2 Rxc5 25.Qxh6 Rf6 26.Qg5+ Kf7 27.Rc1 Qb6 28.Qe3 Rxb5
{#R} 0-1

[Event "Ch Europe (juniors) (under 14) (g)"]
[Site "masterchessopen.com Prague (Czech Republic)"]
[Date "2012.08.20"]
[Round "4"]
[White "Ruth Katarina"]
[Black "Heinemann Josefine"]
[Result "0-1"]
[WhiteElo "1483"]
[BlackElo "1839"]

1.e4 c5 2.Nf3 d6 3.d4 cxd4 4.Nxd4 Nf6 5.f3 e5 6.Bb5+ Nbd7 7.Nf5 d5 8.exd5 a6
9.Ba4 b5 10.Bb3 Nc5 11.Ne3 Bd6 12.O-O O-O 13.Qe2 e4 14.fxe4 Nfxe4 15.c4 Qc7
16.g3 Bh3 17.Re1 Bxg3 18.Rd1 Bf2+ 19.Kh1 Qe5 20.Na3 Bg4 21.Qf1 {#R} 0-1

[Event "It (open)"]
[Site "masterchessopen.com Bogota (Colombia)"]
[Round "5"]
[White "Santoyo Silva Sergio Julian"]
[Black "Rivera Camilo Ernesto (COL)"]
[Result "1-0"]
[WhiteElo "1632"]
[BlackElo "1885"]

1.e4 c5 2.Nf3 d6 3.d4 cxd4 4.Nxd4 Nf6 5.f3 e5 6.Bb5+ Bd7 7.Bxd7+ Qxd7 8.Nf5
Qc7 9.Nc3 Nbd7 10.O-O a6 11.Bg5 Rc8 12.a4 h6 13.Bh4 g6 14.Ne3 Qb6 15.Qc1 Bg7
16.Kh1 g5 17.Nf5 {#r} 1-0

[Event "Ch Central Serbia (team)"]
[Site "masterchessopen.com Vrnjacka Banja (Serbia)"]
[Date "2012.10.06"]
[Round "10"]
[White "Stojanovic Mihajlo (SRB)"]
[Black "Pantelic Sasa (SRB)"]
[Result "1-0"]
[WhiteElo "2572"]
[BlackElo "2328"]

1.e4 c5 2.Nf3 d6 3.d4 cxd4 4.Nxd4 Nf6 5.f3 e5 6.Bb5+ Nbd7 7.Nf5 d5 8.exd5 a6
9.Ba4 b5 10.Bb3 Nb6 11.Ne3 Bc5 12.Nc3 O-O 13.Qd3 Bb7 14.Ne4 Bxe3 15.Nxf6+ Qxf6
16.Bxe3 Nxd5 17.Bxd5 Rad8 18.Bxb7 Rxd3 19.cxd3 Qe7 20.Bd5 Qb4+ 21.Bd2 Qxb2
22.Ke2 Qd4 23.Bb3 Rd8 24.Rhd1 h6 25.Be1 Qg1 26.g3 Qxh2+ 27.Bf2 Qh3 28.g4 Qh2
29.Rac1 Rd7 30.Rh1 Qf4 31.Be3 Qf6 32.Rc8+ Rd8 33.Rc7 e4 34.fxe4 Qd6 35.Rxf7
Kh8 36.Bd5 Qg3 37.Rg1 Qh2+ 38.Rf2 Qc7 39.g5 Qc2+ 40.Bd2 {#r} 1-0